000 00698nam a2200289Ia 4500
005 20260324130123.0
008 008 260324s9999 xx 000 0 eng d
020 _a9781315854274
037 _aEBOOK
040 _aCRL
040 _beng
040 _cCRL
041 _2eng
041 _aeng
084 _qCRL
100 _aStacey Edmonson; Sandra Harris; Julie Combs
_91180583
245 0 _aManaging Conflict
245 0 _b50 Strategies for School Leaders
260 _bTaylor and Francis
260 _c2008
365 _a
365 _b180
856 _uhttp://www.taylorfrancis.com/books/9781315854274
942 _cEBOOK
999 _c1776458
_d1776458